ბათუმის შოთა რუსთაველის სახელმწიფო უნივერსიტეტის ბიბლიოთეკა

Introduction to Transportation Systems (ბიბ.ჩანაწერი № 49241)

000 -LEADER
fixed length control field 00615nam a2200241Ia 4500
001 - CONTROL NUMBER
control field 16154
003 - CONTROL NUMBER IDENTIFIER
control field GE_BSU
008 - FIXED-LENGTH DATA ELEMENTS--GENERAL INFORMATION
fixed length control field 181216s||||||||xx |||||||||||||| ||und||
020 ## - INTERNATIONAL STANDARD BOOK NUMBER
International Standard Book Number 1580531415
040 ## - CATALOGING SOURCE
Transcribing agency GE_BSU
080 ## - UNIVERSAL DECIMAL CLASSIFICATION NUMBER
Universal Decimal Classification number 656.2
100 ## - MAIN ENTRY--PERSONAL NAME
Personal name Sussman,Joseph
245 ## - TITLE STATEMENT
Title Introduction to Transportation Systems
260 ## - PUBLICATION, DISTRIBUTION, ETC.
Place of publication, distribution, etc. Boston
260 ## - PUBLICATION, DISTRIBUTION, ETC.
Name of publisher, distributor, etc. Artech House
260 ## - PUBLICATION, DISTRIBUTION, ETC.
Date of publication, distribution, etc. 2000
300 ## - PHYSICAL DESCRIPTION
Extent 466p.27cm.
653 ## - INDEX TERM--UNCONTROLLED
Uncontrolled term Introduction to Transportation Systems
653 ## - INDEX TERM--UNCONTROLLED
Uncontrolled term სატრანსპორტო სისტემა
653 ## - INDEX TERM--UNCONTROLLED
Uncontrolled term ტექნიკა
942 ## - ADDED ENTRY ELEMENTS (KOHA)
Koha item type წიგნი
ეგზემპლარები
Withdrawn status Lost status Damaged status Not for loan Date acquired Barcode Date last seen Price effective from Koha item type
        2018-12-17 40303 2018-12-17 2018-12-17 წიგნი